Parole italiane che derivano dal francese - Statistics

Statistiche generali
  • Questo quiz è stato fatto 114 volte
  • Il punteggio medio è 7 su 10
Statistiche sulle risposte
Indizio Parola % Corretto
Lista delle vivande disponibili in un ristorante, in un bari o in un locale in genere. Menù
96%
Sinonimo di "autorimessa" o "box". Garage
86%
L'atto del nutrirsi, dell'assumere cibo. Mangiare
73%
Prodotto caseario salato che può essere sia fresco sia stagionato. Formaggio
72%
Negozio di abbigliamento in cui si vendono soprattutto abiti costosi o di marche prestigiose. Boutique
70%
Nel Medioevo, appartenente a una classe militare elevata; più in generale, qualsiasi guerriero che combatta a cavallo. Cavaliere
68%
L'atto del ballare, del muoversi a ritmo di musica. Danzare
63%
In origine, un mobiletto con specchio; più in generale, la stanza adibita ad ospitare i servizi igienici e quelli deputati alla pulizia e alla cura del corpo. Toilette
62%
Arma da getto costituita da un'astina di legno munita di una punta - di metallo, di pietra o d'osso - usata con un arco o una balestra. Freccia
44%
Oggettino di ornamento in metallo, generalmente prezioso, e spesso ornato con delle gemme. Gioiello
19%
Nessun quiz corrispondente trovato
Distribuzione punteggi
Percentuale di utenti per punteggio
Percentile per numero di risposta
I tuoi punteggi nel tempo
Non hai fatto questo quiz